La Catedral de León (Record no. 157321)

MARC details
000 -LEADER
campo de control de longitud fija 01040nam a2200241 i 4500
001 - NÚMERO DE CONTROL
campo de control 157321
003 - IDENTIFICADOR DE NÚMERO DE CONTROL
campo de control ES-MaACL
005 - FECHA Y HORA DE LA ÚLTIMA TRANSACCIÓN
campo de control 20231222200427.0
008 - DATOS DE LONGITUD FIJA--INFORMACIÓN GENERAL
campo de control de longitud fija 960419s1876 sp |||| | spa d
080 ## - NÚMERO DE LA CLASIFICACIÓN DECIMAL UNIVERSAL
Número de la Clasificación Decimal Universal 726.6(460.181 L.)(091)
100 1# - ENTRADA PRINCIPAL--NOMBRE DE PERSONA
Nombre de persona Laviña, Matías.
9 (RLIN) 128755
245 13 - MENCIÓN DEL TÍTULO
Título La Catedral de León
Resto del título : memoria sobre su origen, instalación, nueva edificación, vicisitudes y obras de restauración... /
Mención de responsabilidad, etc. por Matías Laviña ; con un prólogo-biografía de dicho arquitecto por Manuel M. Fernández y González.
260 ## - PUBLICACIÓN, DISTRIBUCIÓN, ETC.
Lugar de publicación, distribución, etc. Madrid :
Nombre del editor, distribuidor, etc. Eduardo de Medina,
Fecha de publicación, distribución, etc. 1876.
300 ## - DESCRIPCIÓN FÍSICA
Extensión 112 p. ;
Dimensiones 16 cm.
530 ## - NOTA DISPONIBLE DE FORMULARIO FÍSICO ADICIONAL
Nota de formato físico adicional disponible Disponible en formato digital.
600 14 - PUNTO DE ACCESO ADICIONAL DE MATERIA--NOMBRE DE PERSONA
Nombre de persona Laviña, Matías.
9 (RLIN) 128755
610 24 - PUNTO DE ACCESO ADICIONAL DE MATERIA--NOMBRE DE ENTIDAD CORPORATIVA
Nombre de entidad corporativa o nombre de jurisdicción como elemento de entrada Catedral de León-
Subdivisión de forma Historia.
9 (RLIN) 162189
700 1# - ENTRADA AGREGADA--NOMBRE PERSONAL
Nombre de persona Fernández y González, Manuel,
Fechas asociadas al nombre 1821-1888
9 (RLIN) 50183
700 1# - ENTRADA AGREGADA--NOMBRE PERSONAL
Nombre de persona Medina, Eduardo de.
9 (RLIN) 129789
852 ## - LOCALIZACIÓN
Ubicación ES-MaACL
Número de control de estantería D-2762
856 ## - LOCALIZACIÓN Y ACCESO ELECTRÓNICOS
Identificador Uniforme de Recursos <a href="http://bibliotecadigital.jcyl.es/i18n/consulta/registro.cmd?id=1283">http://bibliotecadigital.jcyl.es/i18n/consulta/registro.cmd?id=1283</a>
Nota pública Biblioteca Digital de Castilla y León
Holdings
Estatus retirado Estado de pérdida Estado de daño No para préstamo Colección Biblioteca de origen Biblioteca actual Ubicación en estantería Fecha de adquisición Fuente de adquisición Total de préstamos Signatura topográfica completa Código de barras Visto por última vez Precio de reemplazo Tipo de ítem Koha
        Colección digital Biblioteca del Ateneo de Madrid Biblioteca del Ateneo de Madrid Sala Valle Inclán 17/01/2008     D-2762 901164636 23/02/2023 23/02/2023 Libro impreso antiguo